Welcome to CU Library Online Public Access Catalogue (OPAC)

Intermediate accounting / (Record no. 8741)

MARC details
000 -LEADER
fixed length control field 00740cam a2200229 a 4500
001 - CONTROL NUMBER
control field 12799528
005 - DATE AND TIME OF LATEST TRANSACTION
control field 20260217101310.0
008 - FIXED-LENGTH DATA ELEMENTS--GENERAL INFORMATION
fixed length control field 020603s2004 maua b 001 0 eng
020 ## - INTERNATIONAL STANDARD BOOK NUMBER
International Standard Book Number 0072466138
Qualifying information combined ed. : alk. paper
020 ## - INTERNATIONAL STANDARD BOOK NUMBER
International Standard Book Number 9780072466133
Qualifying information (combined ed. : alk. paper)
050 00 - LIBRARY OF CONGRESS CALL NUMBER
Classification number HF5635
Item number .S7838 2004
082 00 - DEWEY DECIMAL CLASSIFICATION NUMBER
Classification number 657/.044
Edition information 21
100 1# - MAIN ENTRY--PERSONAL NAME
Personal name Spiceland, J. David,
Dates associated with a name 1949-
245 10 - TITLE STATEMENT
Title Intermediate accounting /
Statement of responsibility, etc. J. David Spiceland, James F. Sepe, Lawrence A. Tomassini.
250 ## - EDITION STATEMENT
Edition statement 3rd ed.
260 ## - PUBLICATION, DISTRIBUTION, ETC.
Place of publication, distribution, etc. Boston :
Name of publisher, distributor, etc. McGraw-Hill/Irwin,
Date of publication, distribution, etc. c2004.
300 ## - PHYSICAL DESCRIPTION
Extent xxxii, 1174, 23 p. :
Other physical details col. ill. ;
Dimensions 29 gcm.
650 #0 - SUBJECT ADDED ENTRY--TOPICAL TERM
Topical term or geographic name entry element Accounting.
700 1# - ADDED ENTRY--PERSONAL NAME
Personal name Sepe, James F.
700 1# - ADDED ENTRY--PERSONAL NAME
Personal name Tomassini, Lawrence A.
942 ## - ADDED ENTRY ELEMENTS (KOHA)
Source of classification or shelving scheme Library of Congress Classification
Koha item type Books
Suppress in OPAC No
999 ## -
-- 8741
-- 8741
Holdings
Withdrawn status Lost status Source of classification or shelving scheme Damaged status Not for loan Collection Home library Current library Shelving location Date acquired Total checkouts Full call number Barcode Date last seen Copy number Price effective from Koha item type Public note
    Library of Congress Classification     Non-fiction Graduate Library (Christ Temple) Graduate Library (Christ Temple) General stacks 02/17/2026   HF 5635 SPI GSCT00002537 02/17/2026 1 02/17/2026 Books EAQ
    Library of Congress Classification     Non-fiction Graduate Library (Christ Temple) Graduate Library (Christ Temple) General stacks 02/17/2026   HF 5635 SPI GSCT00002538 02/17/2026 2 02/17/2026 Books EAQ
    Library of Congress Classification     Non-fiction Graduate Library (Christ Temple) Graduate Library (Christ Temple) General stacks 02/17/2026   HF 5635 SPI GSCT00002539 02/17/2026 3 02/17/2026 Books EAQ
© 2023-2024 Copyright: Central University Libraries. All Rights Reserved | Created by: Mahone Tech Office